Provincias Eclesiásticas de España - Estadísticas

Estadísticas generales
  • Esta prueba ha sido intentada 49 veces
  • La puntuación promedio es 44 de 70
Estadísticas de respuestas
Nombre de la Diócesis Nombre en Latin Patronazgo de la Diócesis % Correcto
Diócesis Metropolitana de Barcelona Archidioecesis Barcinonensis Virgen de la Merced
100%
Diócesis de Málaga Dioecesis Malacitanus San Ciriaco y Santa Paula
95%
Diócesis Metropolitana de Granada Archidioecesis Granatensis San Cecilio
92%
Diócesis Metropolitana de Madrid Archidioecesis Matritensis San Isidro
92%
Diócesis de Almeria Dioecesis Almeriensis San Indalecio
89%
Diócesis de Palencia Dioecesis Palentina San Antolín
89%
Diócesis Metropolitana de Santiago de Compostela Archidioecesis Compostellanus Santiago Apostol
89%
Diócesis Metropolitana de Sevilla Archidioecesis Hispalensis Virgen de los Reyes
89%
Diócesis Metropolitana de Tarragona Archidioecesis Tarraconensis Natividad de Nuestra Señora
89%
Diócesis de Cordoba Dioecesis Cordubensis San Acisclo y Santa Victoria
86%
Diócesis de Osma - Soria Dioecesis Oxomensis-Soriana San Pedro de Osma
86%
Diócesis Metropolitana de Burgos Archidioecesis Burgensis Asunción de la Virgen María
86%
Diócesis de Cádiz y Ceuta Dioecesis Gadicensis et Septensis San Servando y San GermánSanta María de Africa y San Daniel
84%
Diócesis de Gerona Dioecesis Gerundensis San Narciso
84%
Diócesis de Huelva Dioecesis Onubensis San Leandro y la Inmaculada Concepción
84%
Diócesis Metropolitana de Oviedo Archidioecesis Ovetensis San Mateo
84%
Diócesis Metropolitana de Mérida - Badajoz Archidioecesis Emeritensis Augustanus–Pacensis San Juan Bautista
81%
Diócesis Metropolitana de Pamplona - Tudela Archidioecesis Pampilonensis et Tudelensis San Francisco Javier y San Fermín
81%
Diócesis Metropolitanas de Toledo Archidioecesis Toletanus San Ildefonso de Toledo
81%
Diócesis de Canarias Dioecesis Canariensis Nuestra Señora del Pino
78%
Diócesis de Cartagena Dioecesis Carthaginensis San Fulgencio
78%
Diócesis de Lugo Dioecesis Lucensis San Froilán
78%
Diócesis de Jaén Dioecesis Giennensis San Eufrasio
76%
Diócesis de San Sebastián Dioecesis Sancti Sebastiani Virgen del Coro
76%
Diócesis de Santander Dioecesis Santanderiensis San Emeterio y San Celedonio
76%
Diócesis de Albacete Dioecesis Albasitensis Virgen de los Llanos
73%
Diócesis de Coria - Caceres Dioecesis Cauriensis–Castrorum Cæciliorum San Pedro de Alcántara
73%
Diócesis Metropolitana de Valencia Archidioecesis Valentinus San Vicente Mártir
73%
Diócesis de León Dioecesis Legionensis San Froilán
70%
Diócesis de Segorbe - Castellón de la Plana Dioecesis Segobricensis - Castellionensis San Pascual Bailón y Virgen de la Cueva Santa
70%
Diócesis de Tuy - Vigo Dioecesis Tudensis - Vicensis San Telmo
70%
Diócesis de Vitoria Dioecesis Victoriensis Virgen de la Merced
70%
Diócesis de Getafe Dioecesis Xetafensis Nuestra Señora de los Ángeles
68%
Diócesis de Lerida Dioecesis Illerdensis San Juan Bautista
68%
Diócesis de Mondoñedo - Ferrol Dioecesis Mindoniensis–Ferrolensis San Julián
68%
Diócesis de Orihuela - Alicante Dioecesis Oriolensis - Lucentinus San Nicolas de Bari
68%
Diócesis Metropolitana de Valladolid Archidioecesis Vallisoletanus San Pedro Regalado
68%
Diócesis de Salamanca Dioecesis Salmantinus San Juan de Sahagún y Santa María de la Vega
65%
Diócesis de Sigüenza - Guadalajara Dioecesis Seguntinus–Guadalaiarensis Nuestra Señora de la Asunción
65%
Diócesis de Cuenca Dioecesis Conchensis San Julián de Cuenca
62%
Diócesis de Huesca Dioecesis Oscensis San Lorenzo y San Vicente
62%
Diócesis de Mallorca Dioecesis Maioricensis Inmaculada Concepción
62%
Diócesis de Segovia Dioecesis Segobiensis San Frutos
62%
Diócesis de Asidonia - Jerez Dioecesis Assidonensis - Ierezensis San Juan Grande y la Inmaculada Concepción
59%
Diócesis de Ávila Dioecesis Abulensis San Segundo
59%
Diócesis de Ciudad Real Dioecesis Civitatis Regalensis Santo Tomás de Villanueva
59%
Diócesis Metropolitana de Zaragoza Archidioecesis Cæsaraugustanus San Valero y Virgen del Pilar
59%
Diócesis de Alcalá de Henares Dioecesis Complutensis Santos Justo y Pastor
57%
Diócesis de Bilbao Dioecesis Flaviobrigensis San Ignacio de Loyola
57%
Diócesis de Guadix Dioecesis Guadicensis San Torcuato
54%
Diócesis de Plasencia Dioecesis Placentinus San Fulgencio
54%
Diócesis de Calahorra y La Calzada - Logroño Dioecesis Calaguritanus et Calceatensis–Lucroniensis
51%
Diócesis de Menorca Dioecesis Minoricensis San Antonio Abad
51%
Diócesis de Teruel y Albarracín Dioecesis Turolensis - Albarracinensis San Miguel
51%
Diócesis de Urgel Dioecesis Urgellensis Nuestra Señora de Núria
46%
Diócesis de Zamora Dioecesis Zamorensis San Atilano
46%
Diócesis de Ibiza Dioecesis Ebusitanus San Ciriaco y la Virgen de las Nieves
43%
Diócesis de Orense Dioecesis Aurensis San Martín de Tours
43%
Diócesis de Tarrasa Dioecesis Terrassensis Virgen de la Salud
43%
Diócesis de San Feliú de Llobregat Dioecesis Sancti Felicis de Llobregat Virgen de Montserrat
35%
Diócesis de Barbastro - Monzón Dioecesis Barbastrensis–Monzónontisonensis San Ramón Nonato
30%
Diócesis de Astorga Dioecesis Asturicensis Santo Toribio
27%
Diócesis de Jaca Dioecesis Iacensis Santa Orosia
22%
Diócesis de San Cristobal de la Laguna Dioecesis Nivariensis Virgen de los Remedios
19%
Diócesis de Vich Dioecesis Vicensis San Juán Bautista y Virgen de Montserrat
16%
Diócesis de Tortosa Dioecesis Dertosensis Natividad de Nuestra Señora
14%
Diócesis de Ciudad Rodrigo Dioecesis Civitatensis San Cipriano de Cartago
11%
Diócesis de Solsona Dioecesis Celsonensis Natividad de Nuestra Señora
11%
Archidiócesis Castrense de España Archidioecesis Ordinariatus Militaris Hispaniae San Juan Capristano y la Inmaculada Concepción
8%
Diócesis de Tarazona Dioecesis Turiasonesis San Prudencio
5%
No se encontraron pruebas coincidentes
Distribución de puntuación
Porcentaje de gente con cada puntuación
Porcentaje por número respondido
Historial de tus puntuaciones
No has intentado esta prueba.